Statistics for Mountains Quiz

Click here to take the quiz!

General Stats

  • This quiz has been taken 14 times
  • The average score is 5 of 7

Answer Stats

HintAnswer% Correct
Russian mountain rangeUrals
100%
Mountain range bordering France, Switzerland, and other European countriesAlps
92%
Mountain range in South AmericaAndes
92%
Mountain range between Europe and AsiaCaucasus
85%
Mountain range bordering FrancePyrenees
77%
Mountain range bordered by Afghanistan and PakistanHindu Kush
46%
Mountain range in Nepal; highest mountain in the worldHimilayas
8%

Score Distribution

Percentile by Number Answered

Percent of People with Each Score

Your Score History

You have not taken this quiz